| 000 | 00828nam a22001935i 4500 | ||
|---|---|---|---|
| 001 | 164094 | ||
| 003 | ES-MaACL | ||
| 005 | 20250725062546.0 | ||
| 008 | 950206s1886 sp |||| | spa d | ||
| 040 | _aCLM | ||
| 100 | 1 |
_aRubio y Diaz, Vicente. _9222492 |
|
| 245 | 1 | 0 |
_aElementos de fisica experimental / _cpor Vicente Rubio y Diaz. |
| 250 |
_a2" ed. _baumentada con 10 grabados nuevos. |
||
| 260 |
_aCadiz : _b[s.n.], _c1886 ( _fImprenta de la Revista Medica de don Federico Joly) |
||
| 300 |
_a540 p. : _bil. ; _c23 cm. |
||
| 650 | 0 | 7 |
_aFísica _2embne _912877 |
| 852 |
_aES-MaACL _jF-5523 _z-- Enc. pasta española _z-- Dedic. ms. del autor a la Biblioteca del Ateneo de Madrid _x-- Edic.: El tit. consta: "Elementos de física esperimental [sic]" -- La paginación es: VII, [1], 540 p. : il. |
||
| 999 |
_c164094 _d164094 |
||